| 000 | 00694nam a2200217 a 4500 | ||
|---|---|---|---|
| 999 |
_c2213 _d2213 |
||
| 001 | 2213 | ||
| 003 | BD-JhCC | ||
| 005 | 20171030212426.0 | ||
| 008 | 171030s1972 bg |||| ||a| 000 0 ben d | ||
| 035 | _a(BD-JhCC)2213 | ||
| 040 |
_aBD-JhCC _dBD-JhCC |
||
| 041 | _aben | ||
| 082 |
_a891.4415 _bDAS 1972 |
||
| 100 | _aদাস, শ্রীপরিতোষ | ||
| 245 |
_aচৈতন্যোত্তর প্রথম চারিটি সহজিয়া পুঁথি / _cশ্রীপরিতোষ দাস |
||
| 260 |
_aকলকাতা : _bবারাণসি, _c1972. |
||
| 300 |
_a216 p. : _c22 cm. |
||
| 650 | _aBengali Poetry | ||
| 942 |
_2ddc _cBK |
||